Hebräerbrief

Uloženo v:
Podrobná bibliografie
Hlavní autor: Laub, Franz (Autor)
Médium: Kniha
Jazyk:němčina
Vydáno: Stuttgart Verlag Katholisches Bibelwerk 1988
Edice:Stuttgarter Kleiner Kommentar. Neues Testament, 14
Témata:
Tagy: Přidat tag
Žádné tagy, Buďte první, kdo vytvoří štítek k tomuto záznamu!

MARC

LEADER 00000cam a2200000 a 4500
001 UCE7809
003 CL-VaPUC
008 150710e19880000gw |||||||||||||||||ger|d
020 |a 3460154415 
082 0 4 |a 225  |b LAU  |2 21 
100 0 |a Laub, Franz  |e author  |9 580531 
245 1 0 |a Hebräerbrief 
300 |a 190 p 
942 |c BK 
945 |d 20150710 13:45:00  |a cmena 
260 |a Stuttgart  |b Verlag Katholisches Bibelwerk  |c 1988 
650 7 |a HEBREOS  |2 CL-VaPUC  |9 314389 
650 0 |a Nuevo testamento  |9 257604 
583 |a last modification  |c 20150710 13:45:00  |k Rodrigo Vera 
490 0 |a Stuttgarter Kleiner Kommentar. Neues Testament, 14 
999 |c 359828  |d 359826 
952 |0 0  |1 0  |3 erb  |4 0  |6 225_000000000000000_LAU_1988  |7 0  |8 A  |9 469379  |a BIBTEO  |b BIBTEO  |e Casale Rolle, Carlos Ignacio, -2014  |i 5184029  |o 225 LAU 1988  |p 5184029  |r 2025-01-17  |w 2019-11-23  |y BK  |z Catalogado en:20150710  |k ICR